Statistics for Countries without red or blue on their flags

Click here to take the quiz!

General Stats

  • This quiz has been taken 1,072 times
    (667 since last reset)
  • The average score is 8 of 9

Answer Stats

Hint Answer % Correct
2000px Flag of Bhutan svgBhutan
93%
2000px Flag of Ireland svgIreland
92%
2000px Flag of Jamaica svgJamaica
91%
2000px Flag of Cyprus (1960 2006) svgCyprus
90%
2000px Flag of Saudi Arabia svgSaudi Arabia
87%
2000px Flag of Côte d' Ivoire svgCote d'Ivoire
86%
2000px Flag of Pakistan svgPakistan
86%
Flag of NigeriaNigeria
84%
2000px Flag of Niger svgNiger
74%

Score Distribution

Percentile by Number Answered

Percent of People with Each Score

Your Score History

You have not taken this quiz since the last reset